000 00497nam a2200193 a 4500
001 1767587676605
003 YourLibrary
005 20260105104545.0
008 260105s1996##################000#0#eng##
020 _a9780521447799
082 0 4 _a300.1
_bHOL
100 1 _aHollis, Martin,
_eauthor.
245 1 0 _aReason in Action :
260 _bCambridge University Press,
_c1996.
300 _a300 pages
650 0 _aPhilosophy.
942 _cENGLISH
040 _aYourLibrary
_beng
_cYourLibrary
999 _c607261
_d607261